Programa para la recuperación y protección del cóndor andino en Colombia (Registro nro. 3713)

Detalles MARC
000 -CABECERA
Campo de control 00922nam a2200241 a 4500
005 - FECHA Y HORA DE LA ULTIMA TRANSACCION
Campo de control 20171127110550.0
008 - ELEMENTOS DE LONGITUD FIJA—INFORMACION GENERAL
Campo de control 171127b1989 xxuabdo| |||| 00| 0 spa d
040 ## - FUENTE DE CATALOGACIÓN
Agencia transcriptora CO-BoIH
Agencia catalogadora original CO-BoIAVH
041 0# - IDIOMA
Código de idioma para texto/pista de sonido o título separado Español
044 ## - PAÍS DE PUBLICACIÓN
País de publicación Colombia
090 ## - CLASIFICACIÓN LOCAL
Colección IAVH
Consecutivo 00059
100 ## - ASIENTO PRINCIPAL--NOMBRE PERSONAL
Nombre personal Gómez Bernal , Luis Germán
Término relacionado autor
9 (RLIN) 4252
245 10 - MENCION DE TITULO
Título Programa para la recuperación y protección del cóndor andino en Colombia
260 ## - PUBLICACION, DISTRIBUCION, ETC. (PIE DE IMPRENTA)
Lugar de publicación, distribución, etc. Bogotá :
Nombre del editor, distribuidor, etc. Instituto Alexander von Humboldt :
-- Conservación Internacional :
-- Fundación Biocolombia ;
Fecha de publicación, distribución, etc. 1997.
300 ## - DESCRIPCION FISICA
Extensión 630 páginas.
Otros detalles físicos Ilustraciones,mapas, gráficos y fotografías.
Dimensiones 28 x 23 cm.
505 ## - NOTA DE CONTENIDO
Nota de contenido Documentos de trabajo realizados desde 1988 hasta 1990
505 ## - NOTA DE CONTENIDO
Nota de contenido Documentos de trabajo desde 1991 hasta 1996
650 26 - ASIENTO SECUNDARIO DE MATERIA - TERMINO TEMATICO
Término temático o nombre geográfico como elemento de entrada Cóndor
Subdivisión geográfica Colombia.
9 (RLIN) 87300
650 26 - ASIENTO SECUNDARIO DE MATERIA - TERMINO TEMATICO
Término temático o nombre geográfico como elemento de entrada Cóndor de los Andes
9 (RLIN) 87301
650 26 - ASIENTO SECUNDARIO DE MATERIA - TERMINO TEMATICO
Término temático o nombre geográfico como elemento de entrada Programa Condor andino
9 (RLIN) 15141
942 ## - ELEMENTOS ADICIONALES (KOHA)
Tipo de ítem Informe Técnico
Sistema de clasificación Local
945 ## - PROCESAMIENTO LOCAL
AAAA-MM-DD - Fecha de ingreso o modificacion 2004-02-13
Existencias
Withdrawn status Lost status Sistema de Clasificación Damaged status No para préstamo Colección Ubicación Permanente Ubicación actual Fecha de adquisición Fuente de adquisición Total Checkouts Total Renewals Número topográfico Inventario / Código de Barras Date last seen Date checked out Ejemplar Price effective from Forma de adquisición Tipo de material Public note
    Local     Humboldt Bogotá Bogotá 04/12/2012 Gisele Didier 1 1 IAVH-00059 003832 09/08/2024 07/03/2014 V. 1 Ej. 1 04/12/2012   Informe Técnico Documentación de los trabajos realizados desde 1988 hasta 1990
    Local     Humboldt Bogotá Bogotá 04/12/2012 Gisele Didier 1   IAVH-00059 003970 09/08/2024 07/03/2014 V. 2 Ej. 1 04/12/2012 Institucional Informe Técnico Documentación de los trabajos realizados desde 1991 hasta 1996